| 000 | 00797cam a2200277 a 4500 | ||
|---|---|---|---|
| 001 | 53050 | ||
| 005 | 20230410101613.0 | ||
| 008 | 070907s2006 cu 000 p spa c | ||
| 035 | _a(OCoLC)ocn169946283 | ||
| 040 |
_aGZM _cGZM _dGZM |
||
| 020 | _a9591011210 (pbk.) | ||
| 020 | _a9789591011213 (pbk.) | ||
| 035 | _a(OCoLC)169946283 | ||
| 042 | _apcc | ||
| 050 | 1 | 4 |
_a107 PQ 7390 _bR894n 2006 |
| 100 | 1 |
_aRuano, Luis Felipe, _d1961- |
|
| 245 | 1 | 0 |
_aNueve círculos / _cLuis Felipe Ruano. |
| 260 |
_aLa Habana, Cuba : _bEditorial Letras Cubanas : _bInstituto Cubano del Libro, _cc2006. |
||
| 300 |
_a117 p. ; _c19 cm. |
||
| 490 | 1 | _aPoesía | |
| 653 | _aLiteratura cubana | ||
| 830 | 0 | _aPoesía (Editorial Letras Cubanas) | |
| 942 |
_2lcc _cbk |
||
| 946 | _aclperez | ||
| 994 |
_aC0 _bDRFGD |
||
| 999 |
_c10798 _d10798 |
||